00425nam a2200145 u 450000100100000000500170001000800410002704000250006824500450009326000400013830000270017849000270020570000200023283000270025200003614820200930074922.0111220s19uu fr r 000 0 spa d aDO-SdBNPbspacBNPHU00aMemling :b1435-1494 /cHenri, Roujôn. aParís :bPierre Lafitte,c[196?]. a80 p. :bil. ;c22 cm.1 aLes peintres illustres12aRoujôn, Henri 0aLes peintres illustres